Statistics for How I Met Your Mother Characters by Picture - Random Version

Click here to take the quiz!

General Stats

  • This quiz has been taken 52 times
  • The average score is 12 of 18

Answer Stats

Answer% Correct
Abby
100%
Adam Punciarello (Punchy)
100%
Barney Stinson
100%
Becky
100%
Carl MacLaren
100%
Carol (Blah Blah)
100%
Don Frank
100%
Doug Martin
100%
Dr. Sonya
100%
Gael
100%
Garrison Cootes
100%
Gary Blauman
100%
George Van Smoot (The Captain)
100%
Hammond Druthers
100%
Honey
100%
James Stinson
100%
Judy Eriksen
100%
Kevin Venkataraghavan
100%
Klaus
100%
Lily Aldrin
100%
Linus
100%
Loretta Stinson
100%
Luke Mosby
100%
Marshall Eriksen
100%
Marvin Eriksen
100%
Mary
100%
Mickey Aldrin
100%
Naomi (The Slutty Pumpkin)
100%
Nora
100%
Patrice
100%
Randy Wharmpess
100%
Ranjit Singh
100%
Robin Scherbatsky
100%
Sandy Rivers
100%
Scooter
100%
Stella Zinman
100%
Steve Henry (The Blitz)
100%
Ted Mosby
100%
Tony Grafanello
100%
Tracy McConnell (The Mother)
100%
Victoria
100%
Wendy the Waitress
100%
Quinn Garvey
86%
Jeanette Peterson
80%
Karen
80%
Zoey Pierson
80%
Arthur Hobbs
75%
Claudia Grice
75%
Daphne
75%
Sam Gibbs
75%
Simon Tremblay
75%
Steve Biel (Ted Mosby)
71%
Darren
67%
Nick Podarutti
67%
Penny Mosby
67%
Rhonda French (The Man-Maker)
67%
Stuart Bowers
67%
Cindy
60%
Katie Scherbatsky
60%
Alfred Mosby
50%
Anita Appleby
50%
Bilson
50%
Carly Whittaker
50%
Jessica Glitter
50%
Marcus Eriksen
50%
Robin Scherbatsky Sr.
50%
Rita Aldrin
40%
Stan
40%
Penelope
33%
Sarah O'Brien
33%
Shelly
33%
Virginia Mosby
33%
Genevieve Scherbatsky
25%
Professor Vinick
20%
Brad Morris
0%
Heather Mosby
0%
Janice Aldrin
0%
Jerome Whittaker
0%
Maggie Wilks
0%
Mrs. Matsen
0%
Professor Lewis
0%

Score Distribution

Percentile by Number Answered

Percent of People with Each Score

Your Score History

You have not taken this quiz